00648nam a2200193Ia 4500008004100000020001500041082001800056100001700074245003000091250000800121260003900129300002800168500001900196600002100215650005000236942000700286952014600293999001500439240925s9999 xx 000 0 und d a078212853X a005.44769 MIN aMinasi, Mark 0aWindows 2000 Professional a2nd aCalifornia:bSan Franciscoc,2000. axxv,750p.bNAfOriginal aIncludes Index aComputer Science aComputer science, information & general works cBK 001040708CSaUITUbUITUd2003-08-28eDiverse Distribution Enterpriseg500.00l0o005.44769 MINpQ5194r2024-09-25 07:13:46w2024-09-25yBK c7693d7693